Movies Quiz

Random Movies Quiz

Movies of 1984 Quiz Stats

Quiz Updated May 18, 2015

Also try: Movies of 1985
Challenge
Share
Tweet
Score 0/16 Timer 06:00
6 Plays Today
Picture Movie % Correct
Ghostbusters
98.4%
The Terminator
97.6%
The Karate Kid
97.5%
Gremlins
89%
Beverly Hills Cop
86.9%
Indiana Jones and the Temple of Doom
83.6%
Footloose
81.4%
Amadeus
81.1%
Picture Movie % Correct
The NeverEnding Story
75%
Police Academy
73.7%
Splash
72.2%
Sixteen Candles
68.8%
This Is Spinal Tap
65.1%
Romancing the Stone
61.4%
Revenge of the Nerds
57.5%
Dune
37.8%

You're not logged in!

Compare scores with friends on all Sporcle quizzes.
Sign Up with Email
OR
Log In

You Might Also Like...

Show Comments

Extras

Top Quizzes Today


Score Distribution

Your Account Isn't Verified!

In order to create a playlist on Sporcle, you need to verify the email address you used during registration. Go to your Sporcle Settings to finish the process.